El desarrollo de estrategias de aprendizaje para la post-alfabetización y la educación continuada en la perspectiva de la educación permanente, seminario de orientación para América Latina y el Caribe.

Uloženo v:
Podrobná bibliografie
Hlavní autor: Abreu de Armengol, Mercy (autor)
Médium: Kniha
Jazyk:španělština
Edice:(IUE informe final)
Témata:
Tagy: Přidat tag
Žádné tagy, Buďte první, kdo vytvoří štítek k tomuto záznamu!

MARC

LEADER 00000cam^a2200000uu^4500
001 000490518
005 20250521000000.0
008 050901s1985^^^^^^^^^^^^rd^r^^000^0^spa^d
009 20260526150733.879
022 |a 9282030468 
035 |a FCE 000033734 
035 |a FCE 000879 
037 |a Acervo ITESO - Biblioteca 
041 |a spa 
082 0 4 |a 374  |b IUE 
100 |a Abreu de Armengol, Mercy  |e (autor) 
245 1 3 |a El desarrollo de estrategias de aprendizaje para la post-alfabetización y la educación continuada en la perspectiva de la educación permanente, seminario de orientación para América Latina y el Caribe. 
264 |a París :  |b IUE-UNESCO,  |c 1985. 
300 |a 139 p. 
336 |a texto  |b txt  |2 rdacontenido 
337 |a sin mediación  |b n  |2 rdamedio 
338 |a volumen  |b nc  |2 rdasoporte 
440 0 |a (IUE informe final) 
611 4 |a Informe de Conferencia 
611 4 |a Seminario 
649 |a XX 
650 |a Educación de adultos 
650 |a Programa de alfabetización 
650 |a Estrategias de la educación 
650 |a Post-alfabetización 
650 |a Educación permanente 
650 |a América Latina 
910 |a Fondo Centro de Estudios Educativos 
920 |a Impresos - Libros 
930 |a Fondos Especiales 
905 |a 133 
901 |a ALE000879  |b IT2  |c CEE  |u 20250521 
902 |a https://opac.biblio.iteso.mx/vufind/Record/000490518